| 000 | 01000nam a2200229Ia 4500 | ||
|---|---|---|---|
| 003 | IN-BaIIA | ||
| 008 | 211028s9999 xx s 000 0 eng d | ||
| 020 | _a978-1-108-47147-3 (Print) | ||
| 022 | _a1743-9213 (Print) | ||
| 022 | _a1743-9221 (Online) | ||
| 040 | _cIIA Library | ||
| 100 |
_aBoquie, M., ed. _940736 |
||
| 245 | 0 |
_aChallenges in Panchromatic Modelling with Next Generation Facilities _h[eBook] |
|
| 260 |
_aCambridge _bCambridge University Press _c2020 |
||
| 300 | _aOnline resource | ||
| 490 | _aIAU Symposium; no. 341 | ||
| 700 |
_aGruppioni, C., ed. _940737 |
||
| 700 |
_aLusso, E., ed. _940738 |
||
| 700 |
_aTissera, P., ed. _940739 |
||
| 856 |
_uhttps://www.cambridge.org/core/journals/proceedings-of-the-international-astronomical-union/issue/challenges-in-panchromatic-modelling-with-next-generation-facilities/78F046107E7ABCAF1CDF6C146089E869 _yClick Here to Access eBook |
||
| 942 | _cEB | ||
| 999 |
_c22050 _d22050 |
||